[Event "World Championship (rapid) 2015"]
[Site "Berlin GER"]
[Date "2015.10.12"]
[Round "12"]
[White "Onischuk, Vladimir"]
[Black "Dubov, Daniil"]
[Result "1-0"]
[WhiteElo "2612"]
[BlackElo "2661"]
[PlyCount "71"]
[EventDate "2015.10.10"]

1. e4 e5 2. Nf3 Nc6 3. Bb5 a6 4. Ba4 Nf6 5. O-O Be7 6. d3 b5 7. Bb3 d6 8. a3
O-O 9. Nc3 Bg4 10. Be3 Nd4 11. Bxd4 exd4 12. Nd5 Nd7 13. h3 Bxf3 14. Qxf3 c6
15. Nxe7+ Qxe7 16. Qg3 Rab8 17. f4 Nc5 18. Ba2 b4 19. Qf2 bxa3 20. bxa3 Rb2 21.
Bc4 Qf6 22. e5 dxe5 23. fxe5 Qe7 24. Rae1 Ne6 25. Re2 Qxa3 26. Qf3 Qb4 27. Kh2
Rb1 28. Rff2 a5 29. Qxc6 Qe7 30. Qa6 Ra1 31. Rf3 h5 32. Ref2 Ng5 33. Rf5 h4 34.
Qg6 Nh7 35. Rh5 Ng5 36. Rxg5 1-0

[Event "World Championship (rapid) 2015"]
[Site "Berlin GER"]
[Date "2015.10.12"]
[Round "12"]
[White "Grischuk, Alexander"]
[Black "Motylev, Alexander"]
[Result "1/2-1/2"]
[WhiteElo "2774"]
[BlackElo "2649"]
[PlyCount "102"]
[EventDate "2015.10.10"]

1. d4 d5 2. Bf4 Nf6 3. e3 c5 4. Nf3 Nc6 5. Nbd2 cxd4 6. exd4 Bf5 7. c3 e6 8.
Qb3 Qc8 9. Nh4 Bg6 10. Nxg6 hxg6 11. h3 Be7 12. Bd3 Bd8 13. Nf3 Bc7 14. Be3 O-O
15. Qc2 a6 16. h4 e5 17. dxe5 Nxe5 18. Nxe5 Bxe5 19. O-O-O Re8 20. Kb1 b5 21.
Bg5 Ne4 22. Bc1 b4 23. Bxe4 dxe4 24. cxb4 Qg4 25. Rhe1 Bf6 26. g3 Rac8 27. Qb3
a5 28. Bg5 Qf5 29. Be3 Rb8 30. Rd5 Rxb4 31. Rxf5 Rxb3 32. Rxf6 Rxe3 33. Rxe3
gxf6 34. Kc2 f5 35. a3 Kg7 36. b4 axb4 37. axb4 Rb8 38. Rb3 Kf6 39. b5 Ke5 40.
b6 Rb7 41. Kd2 Kd4 42. Rb1 f6 43. Ke2 Kc5 44. Ke3 Rxb6 45. Rxb6 Kxb6 46. Kf4
Kc5 47. h5 gxh5 48. Kxf5 Kd4 49. Kxf6 e3 50. fxe3+ Kxe3 51. Kg5 Kf3 1/2-1/2

[Event "World Championship (rapid) 2015"]
[Site "Berlin GER"]
[Date "2015.10.12"]
[Round "12"]
[White "Bogdanovich, Stanislav"]
[Black "Aronian, Levon"]
[Result "1/2-1/2"]
[WhiteElo "2590"]
[BlackElo "2784"]
[PlyCount "39"]
[EventDate "2015.10.10"]

1. d4 Nf6 2. c4 e6 3. Nf3 d5 4. Nc3 Bb4 5. Bg5 dxc4 6. Rc1 a6 7. Qa4+ Nc6 8.
Ne5 b5 9. Nxc6 Bxc3+ 10. Rxc3 Qd5 11. Qc2 Qxg5 12. Ne5 O-O 13. Rg3 Qf5 14. Qc1
Bb7 15. Rg5 Qe4 16. Rxg7+ Kxg7 17. Qg5+ Kh8 18. Qxf6+ Kg8 19. Qg5+ Kh8 20. Qf6+
1/2-1/2

[Event "World Championship (rapid) 2015"]
[Site "Berlin GER"]
[Date "2015.10.12"]
[Round "12"]
[White "Karjakin, Sergey"]
[Black "Safarli, Eltaj"]
[Result "1/2-1/2"]
[WhiteElo "2762"]
[BlackElo "2657"]
[PlyCount "93"]
[EventDate "2015.10.10"]

1. d4 Nf6 2. Bf4 g6 3. Nc3 d5 4. e3 Bg7 5. h4 c5 6. Nb5 Na6 7. c3 Bg4 8. Be2
Bxe2 9. Nxe2 O-O 10. Be5 h5 11. Nf4 Qd7 12. a4 cxd4 13. exd4 Ng4 14. Bxg7 Kxg7
15. f3 Nf6 16. g4 hxg4 17. fxg4 Qxg4 18. Qxg4 Nxg4 19. Nxd5 Rad8 20. Nf4 e5 21.
dxe5 Nxe5 22. Nd4 Nc6 23. Nxc6 Rfe8+ 24. Kf2 bxc6 25. b4 Re4 26. Kf3 Rde8 27.
Rac1 Re3+ 28. Kf2 R3e4 29. Ng2 Re2+ 30. Kf3 Nc7 31. Rhe1 Rxe1 32. Nxe1 Nd5 33.
Ng2 a6 34. a5 f5 35. Re1 Rxe1 36. Nxe1 Nxc3 37. Ke3 Nd5+ 38. Kd4 Nxb4 39. Kc5
Nd5 40. Kxc6 Ne3 41. Kb6 Nc4+ 42. Kxa6 Kh6 43. Kb5 Nxa5 44. Kxa5 Kh5 45. Kb4
Kxh4 46. Kc3 Kg3 47. Kd2 1/2-1/2

[Event "World Championship (rapid) 2015"]
[Site "Berlin GER"]
[Date "2015.10.12"]
[Round "12"]
[White "Swiercz, Dariusz"]
[Black "Bacrot, Etienne"]
[Result "1/2-1/2"]
[WhiteElo "2620"]
[BlackElo "2697"]
[PlyCount "105"]
[EventDate "2015.10.10"]

1. d4 Nf6 2. c4 e6 3. Nf3 c5 4. d5 d6 5. Nc3 exd5 6. cxd5 g6 7. g3 Bg7 8. Bg2
O-O 9. O-O Nbd7 10. Re1 a6 11. Bf4 Ne8 12. a4 Rb8 13. Bg5 f6 14. Bf4 b5 15.
axb5 axb5 16. Qc2 g5 17. Bd2 Nc7 18. b4 Na6 19. bxc5 b4 20. Ne4 b3 21. Qc4
Ndxc5 22. Nd4 Nxe4 23. Bxe4 f5 24. Bd3 Qc7 25. e3 Nc5 26. Reb1 f4 27. Ra3 fxg3
28. hxg3 Qf7 29. Be1 Nxd3 30. Qxd3 Qxd5 31. Raxb3 Bf5 32. Qxf5 Rxf5 33. Rxb8+
Rf8 34. R8b5 Qe4 35. Rd1 Be5 36. Rbb1 Bxd4 37. Rb4 Rf6 38. Rbxd4 Qf3 39. Rxd6
Rxd6 40. Rxd6 Kf7 41. Bc3 Ke7 42. Rh6 Qf5 43. Bd4 Kd7 44. Kg2 g4 45. Kg1 Qe4
46. Rf6 h5 47. Kh2 Ke7 48. Rh6 Qf5 49. Rf6 Qb5 50. Rh6 Qf1 51. Rf6 Kd7 52. Be5
Ke7 53. Bd4 1/2-1/2

[Event "World Championship (rapid) 2015"]
[Site "Berlin GER"]
[Date "2015.10.12"]
[Round "12"]
[White "Andreikin, Dmitry"]
[Black "Sasikiran, Krishnan"]
[Result "1-0"]
[WhiteElo "2720"]
[BlackElo "2639"]
[PlyCount "119"]
[EventDate "2015.10.10"]

1. d4 Nf6 2. Bf4 g6 3. Nd2 Bg7 4. e4 d6 5. Ngf3 O-O 6. c3 Nc6 7. Bc4 Qe8 8. h3
e5 9. dxe5 Nxe5 10. Nxe5 dxe5 11. Be3 b6 12. g4 Be6 13. Qb3 Bd7 14. Qc2 a5 15.
f3 a4 16. h4 h5 17. g5 Nh7 18. O-O-O Be6 19. Bd5 c6 20. Bxe6 Qxe6 21. Kb1 Rfb8
22. Qd3 b5 23. Nf1 Nf8 24. Ng3 Qe8 25. Ne2 Rd8 26. Qc2 Ne6 27. c4 Rdb8 28. cxb5
cxb5 29. Rd5 b4 30. Qd3 Nc7 31. Rd7 Nb5 32. Rc1 b3 33. a3 Rd8 34. Rd1 Nd4 35.
Rd5 Rxd5 36. exd5 Rd8 37. Nc3 Qd7 38. Qe4 Rc8 39. Rc1 Nb5 40. Nxa4 Nd6 41.
Rxc8+ Qxc8 42. Qd3 Qh3 43. Qxb3 Qxh4 44. Qb8+ Bf8 45. Nc5 Qh3 46. Qd8 Qc8 47.
Qxc8 Nxc8 48. Ne4 h4 49. Bf2 h3 50. Bg3 Nd6 51. Nf2 Nc4 52. Nxh3 Nd2+ 53. Kc2
Nxf3 54. Kd3 Be7 55. a4 Nxg5 56. Nxg5 Bxg5 57. a5 Bd8 58. a6 Bb6 59. Bxe5 Kf8
60. Bd4 1-0

[Event "World Championship (rapid) 2015"]
[Site "Berlin GER"]
[Date "2015.10.12"]
[Round "12"]
[White "Huzman, Alexander"]
[Black "Malakhov, Vladimir"]
[Result "0-1"]
[WhiteElo "2580"]
[BlackElo "2694"]
[PlyCount "72"]
[EventDate "2015.10.10"]

1. d4 d5 2. c4 c6 3. Nf3 Nf6 4. Qb3 e6 5. Bg5 Nbd7 6. e3 Be7 7. Nc3 O-O 8. Rd1
dxc4 9. Bxc4 Nd5 10. Bxe7 Qxe7 11. O-O N5b6 12. Bd3 e5 13. Rfe1 h6 14. Bb1 exd4
15. exd4 Qd8 16. d5 cxd5 17. Nxd5 Nxd5 18. Rxd5 Qc7 19. Re7 Qc6 20. Rexd7 Bxd7
21. Ne5 Rfe8 22. Qd1 Qe6 23. Qd3 Bc6 24. Qh7+ Kf8 25. Rd3 Rad8 26. Qh8+ Ke7 27.
Qxg7 Rxd3 28. Bxd3 Bd5 29. h3 Kd8 30. Ng4 Qd6 31. Qc3 Bc6 32. Ne3 Kc7 33. Bc4
Qg6 34. Bd5 Kb8 35. Qd4 Qd6 36. b3 Rd8 0-1

[Event "World Championship (rapid) 2015"]
[Site "Berlin GER"]
[Date "2015.10.12"]
[Round "12"]
[White "Nguyen, Ngoc Truong Son"]
[Black "Salem, A.R. Saleh"]
[Result "0-1"]
[WhiteElo "2634"]
[BlackElo "2624"]
[PlyCount "106"]
[EventDate "2015.10.10"]

1. e4 c5 2. Nf3 d6 3. d4 cxd4 4. Nxd4 Nf6 5. Nc3 a6 6. h3 e6 7. g4 Be7 8. g5
Nfd7 9. h4 b5 10. Bg2 Bb7 11. a3 Nc6 12. Be3 Nde5 13. Nxc6 Nxc6 14. f4 O-O 15.
Qg4 b4 16. axb4 Nxb4 17. Qe2 a5 18. Qd2 f5 19. exf5 Bxg2 20. Qxg2 Rxf5 21. O-O
d5 22. Nb5 Nc6 23. Rae1 Qd7 24. Nd4 Nxd4 25. Bxd4 Bd6 26. Qe2 Re8 27. Be5 Bxe5
28. fxe5 Ref8 29. Rxf5 Rxf5 30. Rf1 Qa7+ 31. Kg2 Rxf1 32. Qxf1 Qd4 33. Qb5 Qg4+
34. Kf1 Qd1+ 35. Kf2 Qxc2+ 36. Ke3 Qc1+ 37. Ke2 Qc2+ 38. Ke3 Qc1+ 39. Ke2 Kf8
40. Qb8+ Kf7 41. h5 Qc2+ 42. Ke1 Qe4+ 43. Kd2 Qb4+ 44. Qxb4 axb4 45. Kc2 Ke7
46. Kb3 Kd7 47. Kxb4 Kc6 48. g6 hxg6 49. hxg6 Kb6 50. Ka4 Kc5 51. Kb3 Kd4 52.
Kb4 Kxe5 53. Kc5 d4 0-1

[Event "World Championship (rapid) 2015"]
[Site "Berlin GER"]
[Date "2015.10.12"]
[Round "12"]
[White "Ganguly, Surya Shekhar"]
[Black "Rublevsky, Sergei"]
[Result "0-1"]
[WhiteElo "2652"]
[BlackElo "2702"]
[PlyCount "110"]
[EventDate "2015.10.10"]

1. e4 c5 2. Nf3 e6 3. d4 cxd4 4. Nxd4 Nc6 5. Nc3 a6 6. Bf4 d6 7. Nxc6 bxc6 8.
Qd2 e5 9. Bg5 Nf6 10. O-O-O h6 11. Bh4 Be6 12. Be2 Qa5 13. Bxf6 gxf6 14. b3 Rd8
15. Na4 Qxd2+ 16. Rxd2 a5 17. Bf3 d5 18. Rhd1 Ba3+ 19. Kb1 d4 20. c3 c5 21. Be2
O-O 22. Nb6 Rb8 23. Nc4 dxc3 24. Rc2 Bb4 25. a3 Bxa3 26. Nxa3 Bxb3 27. Re1
Bxc2+ 28. Kxc2 Rb2+ 29. Kxc3 Rfb8 30. Bc4 Rxf2 31. Rd1 Rxg2 32. Nb5 Rxh2 33.
Rd7 Rh3+ 34. Kc2 Kg7 35. Bxf7 Rh2+ 36. Kd3 h5 37. Nd6 Kh6 38. Be6 Rf2 39. Ke3
Rbb2 40. Nf5+ Rxf5 41. exf5 a4 42. Ra7 Rb4 43. Rf7 Kg5 44. Rg7+ Kh4 45. Rg6 a3
46. Kd3 Ra4 47. Ba2 Ra6 48. Kc4 e4 49. Kb5 Ra8 50. Kxc5 e3 51. Rg1 Rd8 52. Kc4
e2 53. Re1 Rd2 54. Bb3 a2 55. Kc3 Rd1 0-1

[Event "World Championship (rapid) 2015"]
[Site "Berlin GER"]
[Date "2015.10.12"]
[Round "12"]
[White "Ponomariov, Ruslan"]
[Black "Nikolic, Predrag"]
[Result "0-1"]
[WhiteElo "2710"]
[BlackElo "2603"]
[PlyCount "98"]
[EventDate "2015.10.10"]

1. d4 Nf6 2. c4 e6 3. g3 Bb4+ 4. Bd2 a5 5. Bg2 O-O 6. Nf3 b6 7. O-O Ba6 8. Ne5
Ra7 9. Qc2 d6 10. Nd3 Bxd2 11. Nxd2 c5 12. d5 exd5 13. cxd5 b5 14. a4 b4 15.
Rfe1 Nbd7 16. e4 b3 17. Qc3 c4 18. Nf4 Ne5 19. Nf3 Nfd7 20. Nd4 Qb6 21. Nf5 Re8
22. Bh3 Nf6 23. Kg2 g6 24. Nd4 Qb4 25. Qe3 Rae7 26. f3 Bb7 27. Red1 Nfd7 28.
Bxd7 Rxd7 29. h4 Rde7 30. h5 Qc5 31. hxg6 fxg6 32. Qc3 Qb4 33. Qe3 Qc5 34. Rac1
Rf7 35. Rc3 Qb4 36. Ra1 Qb6 37. Nb5 Qd8 38. Qd4 Bc8 39. Rh1 Qe7 40. Qb6 Rf6 41.
Qxa5 g5 42. Nh5 Rxf3 43. Rxf3 Nxf3 44. Qc3 Rf8 45. Nxd6 Bg4 46. Nf5 Rxf5 47. d6
Nh4+ 48. Rxh4 Qxe4+ 49. Kg1 Qb1+ 0-1

[Event "World Championship (rapid) 2015"]
[Site "Berlin GER"]
[Date "2015.10.12"]
[Round "12"]
[White "Grigoriants, Sergey"]
[Black "Eljanov, Pavel"]
[Result "0-1"]
[WhiteElo "2603"]
[BlackElo "2717"]
[PlyCount "124"]
[EventDate "2015.10.10"]

1. c4 Nf6 2. g3 e6 3. Bg2 d5 4. Nf3 d4 5. O-O c5 6. e3 Nc6 7. exd4 cxd4 8. d3
Bd6 9. Bg5 h6 10. Bxf6 Qxf6 11. Nbd2 Qd8 12. a3 a5 13. Rc1 O-O 14. Re1 Bc7 15.
c5 Bd7 16. Rc4 Rb8 17. Nxd4 Ne5 18. Rc3 Bc6 19. Nxc6 Nxc6 20. Qa4 Nd4 21. Nf3
Nxf3+ 22. Bxf3 b5 23. Qe4 b4 24. Rb3 bxa3 25. Rxb8 Qxb8 26. bxa3 Qb2 27. a4 Rd8
28. Qc4 g6 29. Be4 Kg7 30. Qc1 Qxc1 31. Rxc1 f5 32. Bc6 Rxd3 33. Rc2 Kf6 34.
Bb5 Rd1+ 35. Kg2 e5 36. f3 g5 37. Kf2 h5 38. Ke2 Rh1 39. Kd3 g4 40. fxg4 hxg4
41. Bd7 e4+ 42. Kc4 Rd1 43. c6 Ke5 44. Rf2 e3 45. Rxf5+ Ke4 46. Rf7 Rc1+ 47.
Kb5 e2 48. Bf5+ Kd4 49. Rd7+ Ke5 50. Re7+ Kxf5 51. Rxe2 Rb1+ 52. Kc5 Rb4 53.
Kd5 Bb6 54. Re5+ Kf6 55. Re6+ Kf7 56. Rh6 Ke7 57. Rh7+ Kd8 58. Rh8+ Kc7 59.
Rh7+ Kc8 60. Rb7 Bg1 61. Rh7 Rd4+ 62. Ke6 Rxa4 0-1

[Event "World Championship (rapid) 2015"]
[Site "Berlin GER"]
[Date "2015.10.12"]
[Round "12"]
[White "Agrest, Evgenij"]
[Black "Morozevich, Alexander"]
[Result "1/2-1/2"]
[WhiteElo "2596"]
[BlackElo "2711"]
[PlyCount "41"]
[EventDate "2015.10.10"]

1. Nf3 d5 2. c4 d4 3. b4 g5 4. Bb2 Bg7 5. Nxg5 e5 6. Ne4 f5 7. Ng3 Nf6 8. e3
O-O 9. Bd3 Ng4 10. Be2 Nxf2 11. Kxf2 f4 12. exf4 d3 13. Bf3 e4 14. Bxg7 Kxg7
15. Nxe4 Qd4+ 16. Kg3 Nc6 17. Nbc3 Rxf4 18. Kxf4 Qe5+ 19. Ke3 Qd4+ 20. Kf4 Qe5+
21. Ke3 1/2-1/2

[Event "World Championship (rapid) 2015"]
[Site "Berlin GER"]
[Date "2015.10.12"]
[Round "12"]
[White "Iturrizaga Bonelli, Eduardo"]
[Black "Zhang, Zhong"]
[Result "1/2-1/2"]
[WhiteElo "2641"]
[BlackElo "2619"]
[PlyCount "160"]
[EventDate "2015.10.10"]

1. Nf3 c5 2. c4 Nf6 3. Nc3 e6 4. g3 b6 5. Bg2 Bb7 6. O-O Be7 7. d4 cxd4 8. Qxd4
d6 9. Bg5 a6 10. Bxf6 Bxf6 11. Qf4 O-O 12. Rfd1 Be7 13. Ne4 Bxe4 14. Qxe4 Ra7
15. Nd4 Rc7 16. Rac1 Re8 17. e3 Bf8 18. b3 Qc8 19. Rc2 Nd7 20. Rcd2 Nf6 21. Qf3
d5 22. cxd5 Nxd5 23. Ne2 Bb4 24. Rd4 Rc2 25. e4 Nc3 26. Nxc3 Rxc3 27. Qg4 a5
28. e5 g6 29. Bf1 Rc2 30. Bb5 Rf8 31. Rc4 Rxc4 32. Qxc4 Qb8 33. Qe4 Bc3 34. f4
Bb4 35. Rd7 Qc8 36. Bc6 Bc5+ 37. Kf1 Kg7 38. Bb5 Rd8 39. Qd3 Be7 40. Rxd8 Bxd8
41. Qc4 Qb7 42. Qc6 Qe7 43. Qd6 Qc7 44. Bc6 Qe7 45. Ke2 Qf8 46. Bd7 Kg8 47. Kd3
Kg7 48. Kc4 Be7 49. Qxb6 Bb4 50. Qc7 Qa8 51. Bc6 Qa6+ 52. Bb5 Qa8 53. Bc6 Qa6+
54. Bb5 Qa8 55. Qc6 Qa7 56. Qd7 Qc5+ 57. Kd3 Qc3+ 58. Ke4 Qc2+ 59. Kf3 Qxa2 60.
Bc4 Qxh2 61. Bxe6 Qh1+ 62. Kf2 Bc5+ 63. Ke2 Qe4+ 64. Kd1 Qb1+ 65. Ke2 Qe4+ 66.
Kd1 Qb1+ 67. Ke2 Qc2+ 68. Kf3 Qf2+ 69. Kg4 Qe2+ 70. Kh3 Qh5+ 71. Kg2 Qe2+ 72.
Kh3 Qf1+ 73. Kg4 Qe2+ 74. Kh3 Qh5+ 75. Kg2 Qe2+ 76. Kh3 Qf1+ 77. Kg4 Qe2+ 78.
Kh3 Qh5+ 79. Kg2 Qe2+ 80. Kh3 Qh5+ 1/2-1/2

[Event "World Championship (rapid) 2015"]
[Site "Berlin GER"]
[Date "2015.10.12"]
[Round "13"]
[White "Ivanchuk, Vassily"]
[Black "Kramnik, Vladimir"]
[Result "1/2-1/2"]
[WhiteElo "2726"]
[BlackElo "2777"]
[PlyCount "66"]
[EventDate "2015.10.10"]

1. d4 Nf6 2. Nf3 d5 3. c4 e6 4. Nc3 Be7 5. Bg5 Nbd7 6. cxd5 Nxd5 7. Bxe7 Qxe7
8. Rc1 Nxc3 9. Rxc3 c6 10. g3 O-O 11. Bg2 e5 12. O-O e4 13. Nd2 f5 14. Qb3+ Kh8
15. Qa3 Qd8 16. Nc4 Nf6 17. Nb6 Rb8 18. Qxa7 Be6 19. e3 g5 20. Rfc1 f4 21. b4
Nd5 22. Nxd5 Bxd5 23. b5 Ra8 24. Qc5 Rxa2 25. bxc6 fxe3 26. fxe3 bxc6 27. R3c2
Ra5 28. Qc3 Qa8 29. Rf1 Rxf1+ 30. Bxf1 Ra3 31. Qe1 Kg7 32. Qb4 Qf8 33. Qxf8+
Kxf8 1/2-1/2

[Event "World Championship (rapid) 2015"]
[Site "Berlin GER"]
[Date "2015.10.12"]
[Round "13"]
[White "Zhigalko, Sergei"]
[Black "Inarkiev, Ernesto"]
[Result "1/2-1/2"]
[WhiteElo "2656"]
[BlackElo "2660"]
[PlyCount "161"]
[EventDate "2015.10.10"]

1. e4 e5 2. Nf3 Nc6 3. Bc4 Nf6 4. Ng5 d5 5. exd5 Na5 6. Bb5+ c6 7. dxc6 bxc6 8.
Bd3 Nd5 9. Nf3 Bd6 10. O-O Nf4 11. Nc3 Nxd3 12. cxd3 O-O 13. Ne4 c5 14. b3 Nc6
15. Ba3 Nb4 16. Bxb4 cxb4 17. Re1 Bb7 18. Nxd6 Qxd6 19. Nxe5 Rfe8 20. Nc4 Qg6
21. Rxe8+ Rxe8 22. Qf1 h5 23. f3 Kh7 24. a3 Rd8 25. axb4 Rxd3 26. Ne5 Qb6+ 27.
Kh1 Rxb3 28. h3 Qxb4 29. Qd1 Kg8 30. d4 f6 31. Nd3 Qb6 32. Nc5 Rb4 33. Qe1 Kh7
34. Qe8 Kh6 35. Qh8+ Kg6 36. Qe8+ Kh6 37. Ne6 Rb1+ 38. Rxb1 Qxb1+ 39. Kh2 Qg6
40. Qh8+ Qh7 41. Qb8 Qf5 42. Qh8+ Qh7 43. Qb8 Qf5 44. Nxg7 Kxg7 45. Qxb7+ Kg6
46. Qb8 a5 47. Qg3+ Qg5 48. Qb8 h4 49. Qb1+ Kh6 50. Qd1 Qd5 51. Kg1 Kg7 52. Qa4
Kf7 53. Kf2 Ke7 54. g3 hxg3+ 55. Kxg3 Qg5+ 56. Kf2 Qd2+ 57. Kf1 Kd6 58. h4 Qc1+
59. Ke2 Qb2+ 60. Kd3 Qb1+ 61. Ke2 Qb2+ 62. Ke3 Qc1+ 63. Ke4 Qc3 64. h5 Ke7 65.
Qb5 Qc2+ 66. Ke3 Qc3+ 67. Qd3 Qe1+ 68. Qe2 Qh4 69. Kd3+ Kd7 70. f4 Qxf4 71. Qe4
Qg5 72. Qb7+ Ke6 73. d5+ Ke5 74. Qc7+ Kxd5 75. Qxa5+ Ke6 76. Qxg5 fxg5 77. Ke4
Kf6 78. Kf3 Kg7 79. Kg3 Kh7 80. Kh3 Kg7 81. Kg3 1/2-1/2

[Event "World Championship (rapid) 2015"]
[Site "Berlin GER"]
[Date "2015.10.12"]
[Round "13"]
[White "Mamedyarov, Shakhriyar"]
[Black "Vachier-Lagrave, Maxime"]
[Result "1/2-1/2"]
[WhiteElo "2736"]
[BlackElo "2758"]
[PlyCount "66"]
[EventDate "2015.10.10"]

1. d4 Nf6 2. c4 g6 3. Bg5 Bg7 4. Nc3 d5 5. Bxf6 Bxf6 6. cxd5 c5 7. dxc5 Nd7 8.
e3 O-O 9. Bc4 Nxc5 10. Nge2 Qa5 11. Qd2 b5 12. Nxb5 Qxd2+ 13. Kxd2 Ne4+ 14. Ke1
Ba6 15. Rb1 Rfc8 16. Bd3 Nc5 17. Bc4 Rab8 18. Nxa7 Bxc4 19. Nxc8 Bxa2 20. Ra1
Rxb2 21. d6 exd6 22. Nxd6 Be5 23. Nc1 Bc3+ 24. Kf1 Rc2 25. Rxa2 Rxc1+ 26. Ke2
Rxh1 27. Ra8+ Kg7 28. Ra7 Re1+ 29. Kf3 Rd1 30. Rxf7+ Kg8 31. Rc7 Ne6 32. Rc8+
Kg7 33. Ne4 Be5 1/2-1/2

[Event "World Championship (rapid) 2015"]
[Site "Berlin GER"]
[Date "2015.10.12"]
[Round "13"]
[White "Guseinov, Gadir"]
[Black "Khismatullin, Denis"]
[Result "1/2-1/2"]
[WhiteElo "2634"]
[BlackElo "2651"]
[PlyCount "90"]
[EventDate "2015.10.10"]

1. e4 c5 2. Nf3 d6 3. Bb5+ Nd7 4. c3 Ngf6 5. Qe2 a6 6. Ba4 b5 7. Bc2 Bb7 8. O-O
e5 9. d4 Be7 10. Rd1 Qc7 11. d5 c4 12. Nbd2 O-O 13. Nf1 Nc5 14. Ng3 Bc8 15. h3
a5 16. Nh2 Re8 17. Qf3 g6 18. Bh6 b4 19. Nhf1 Rb8 20. Ne3 bxc3 21. bxc3 Rb2 22.
Rdb1 Rxb1+ 23. Rxb1 Nd3 24. a3 Nf4 25. Bxf4 exf4 26. Qxf4 Qc5 27. a4 Bd7 28.
Ne2 Nh5 29. Qf3 Bg5 30. Nd4 Nf4 31. h4 Bh6 32. Rb7 Bc8 33. Ng4 Bg7 34. Rb5 Qa3
35. Qxf4 Bxg4 36. Rb7 Rf8 37. Qxg4 Qxc3 38. Qe2 Bxd4 39. Kh2 Be5+ 40. g3 Rc8
41. Kg2 Bf6 42. Qg4 Rf8 43. Qe2 Rc8 44. Qg4 Rf8 45. Qe2 Rc8 1/2-1/2

[Event "World Championship (rapid) 2015"]
[Site "Berlin GER"]
[Date "2015.10.12"]
[Round "13"]
[White "Kryvoruchko, Yuriy"]
[Black "Onischuk, Vladimir"]
[Result "0-1"]
[WhiteElo "2710"]
[BlackElo "2612"]
[PlyCount "106"]
[EventDate "2015.10.10"]

1. e4 d6 2. d4 Nf6 3. Nc3 g6 4. Nf3 Bg7 5. Be2 O-O 6. O-O a6 7. a4 Nc6 8. Bg5
h6 9. Bf4 Bg4 10. d5 Bxf3 11. Bxf3 Ne5 12. Be2 e6 13. dxe6 fxe6 14. Bxe5 dxe5
15. Bc4 Qe7 16. Qf3 Ne8 17. Qh3 Rf6 18. Rad1 Nd6 19. Ba2 Raf8 20. Qg3 Kh7 21.
f3 h5 22. Rd3 Rf4 23. Rfd1 b5 24. axb5 axb5 25. b4 R4f7 26. Bb3 Rb8 27. Qh3 Re8
28. Kh1 Bh6 29. g3 Qf6 30. Qf1 Ref8 31. Qh3 Re8 32. Qf1 Ref8 33. Qe2 Qe7 34.
Kg2 h4 35. Nb1 Kg7 36. Nd2 Bxd2 37. R1xd2 Rh8 38. g4 h3+ 39. Kg1 Rhf8 40. Rd1
Rf4 41. Re3 Qf6 42. Rdd3 Kh6 43. Rc3 Nf7 44. Qe1 Ng5 45. Qh4+ Kg7 46. Rxc7+ Rf7
47. Rxf7+ Kxf7 48. Kf1 Kg7 49. Ke2 Rxf3 50. Rxf3 Qxf3+ 51. Kd2 Nxe4+ 52. Kc1
Qe3+ 53. Kb2 g5 0-1

[Event "World Championship (rapid) 2015"]
[Site "Berlin GER"]
[Date "2015.10.12"]
[Round "13"]
[White "Tomashevsky, Evgeny"]
[Black "Gelfand, Boris"]
[Result "1/2-1/2"]
[WhiteElo "2758"]
[BlackElo "2741"]
[PlyCount "23"]
[EventDate "2015.10.10"]

1. Nf3 Nf6 2. c4 g6 3. Nc3 d5 4. cxd5 Nxd5 5. e4 Nxc3 6. dxc3 Qxd1+ 7. Kxd1 f6
8. Be3 e5 9. Bc4 Bd6 10. Ke2 Ke7 11. Nd2 Be6 12. f3 1/2-1/2

[Event "World Championship (rapid) 2015"]
[Site "Berlin GER"]
[Date "2015.10.12"]
[Round "13"]
[White "Motylev, Alexander"]
[Black "Svidler, Peter"]
[Result "1/2-1/2"]
[WhiteElo "2649"]
[BlackElo "2727"]
[PlyCount "61"]
[EventDate "2015.10.10"]

1. e4 c5 2. Nf3 e6 3. d4 cxd4 4. Nxd4 a6 5. Bd3 Nf6 6. O-O Qc7 7. Qe2 d6 8. c4
g6 9. Nc3 Bg7 10. Nf3 O-O 11. Bg5 h6 12. Bf4 Nc6 13. h3 Nd7 14. Rac1 Nde5 15.
Rfd1 Bd7 16. Qe3 g5 17. Bg3 Nxf3+ 18. Qxf3 Ne5 19. Qe2 Rac8 20. b3 Bc6 21. Qd2
Qe7 22. Bf1 Rfd8 23. a4 h5 24. Be2 h4 25. Bh2 Qf6 26. Qe3 Bh6 27. Bg4 Qg6 28.
Qe2 Bg7 29. Bh5 Qh6 30. Rc2 Bf6 31. Rf1 1/2-1/2

[Event "World Championship (rapid) 2015"]
[Site "Berlin GER"]
[Date "2015.10.12"]
[Round "13"]
[White "Malakhov, Vladimir"]
[Black "Andreikin, Dmitry"]
[Result "1-0"]
[WhiteElo "2694"]
[BlackElo "2720"]
[PlyCount "91"]
[EventDate "2015.10.10"]

1. e4 e5 2. Nf3 Nc6 3. Bb5 Nf6 4. d3 Bc5 5. Bxc6 dxc6 6. Nbd2 O-O 7. Nc4 Nd7 8.
O-O Re8 9. a4 Bd6 10. b3 c5 11. Bb2 f6 12. Nfd2 Nf8 13. f4 exf4 14. Nxd6 cxd6
15. Rxf4 Ng6 16. Rf2 Be6 17. Qh5 Qd7 18. h3 Bf7 19. Raf1 b6 20. Qf5 Rad8 21.
Qf3 d5 22. Qg3 Qd6 23. e5 Qc7 24. Rf3 Nxe5 25. Rxf6 Bg6 26. Bxe5 Rxe5 27. Re6
Re8 28. Rxe8+ Bxe8 29. Rf5 Re7 30. Qxc7 Rxc7 31. Rxd5 Bc6 32. Rf5 Re7 33. Kf2
Bd7 34. Rf4 g5 35. Rf6 Kg7 36. Rd6 Rf7+ 37. Ke3 g4 38. h4 Bc8 39. Ne4 Bb7 40.
Re6 Bc8 41. Re5 Rc7 42. a5 Kh6 43. axb6 axb6 44. Nd6 Ba6 45. Re6+ Kh5 46. Nf5
1-0

[Event "World Championship (rapid) 2015"]
[Site "Berlin GER"]
[Date "2015.10.12"]
[Round "13"]
[White "Perunovic, Milos"]
[Black "Riazantsev, Alexander"]
[Result "0-1"]
[WhiteElo "2622"]
[BlackElo "2646"]
[PlyCount "80"]
[EventDate "2015.10.10"]

1. e4 c6 2. d4 d5 3. e5 Bf5 4. h4 a6 5. Ne2 e6 6. Ng3 Ne7 7. Be2 c5 8. c3 Nbc6
9. dxc5 Nxe5 10. Be3 h6 11. O-O Bh7 12. Nd2 N7c6 13. Qa4 Be7 14. h5 O-O 15.
Rad1 Nd7 16. b4 a5 17. b5 Nce5 18. c4 Nxc5 19. Bxc5 Bxc5 20. cxd5 exd5 21. Nde4
Bb6 22. Qb3 d4 23. Rfe1 a4 24. Qa3 Qd5 25. Bf1 d3 26. Bxd3 Nxd3 27. Rxd3 Qxb5
28. Rf3 Rae8 29. Qc1 Re6 30. Nc3 Rxe1+ 31. Qxe1 Re8 32. Qd1 Qe5 33. Qd7 Rf8 34.
Nd5 Bc5 35. Nf4 Qa1+ 36. Kh2 Qxa2 37. Nf5 Bxf5 38. Qxf5 Bd6 39. Rg3 Qxf2 40.
Qg4 Be5 0-1

[Event "World Championship (rapid) 2015"]
[Site "Berlin GER"]
[Date "2015.10.12"]
[Round "13"]
[White "Wojtaszek, Radoslaw"]
[Black "Petrosian, Tigran L"]
[Result "1/2-1/2"]
[WhiteElo "2734"]
[BlackElo "2625"]
[PlyCount "62"]
[EventDate "2015.10.10"]

1. d4 d6 2. Nf3 Bg4 3. c4 Bxf3 4. exf3 c6 5. d5 g6 6. Nc3 Bg7 7. Be2 Nd7 8. O-O
Ngf6 9. Be3 O-O 10. Re1 a6 11. Bf1 Re8 12. Rb1 Rc8 13. f4 cxd5 14. Nxd5 Nxd5
15. Qxd5 Qc7 16. b3 Nf6 17. Qd3 e6 18. g3 d5 19. Bg2 dxc4 20. bxc4 Qxc4 21.
Qxc4 Rxc4 22. Bxb7 a5 23. Rec1 Rxc1+ 24. Rxc1 Rb8 25. Bc6 Nd5 26. Bd2 Rb2 27.
Bxa5 Rxa2 28. Bxd5 Rxa5 29. Bf3 Ra2 30. Re1 Bd4 31. Re2 Rxe2 1/2-1/2

[Event "World Championship (rapid) 2015"]
[Site "Berlin GER"]
[Date "2015.10.12"]
[Round "13"]
[White "Kovalenko, Igor"]
[Black "Korobov, Anton"]
[Result "1-0"]
[WhiteElo "2700"]
[BlackElo "2700"]
[PlyCount "99"]
[EventDate "2015.10.10"]

1. c4 g6 2. g3 Bg7 3. Bg2 Nf6 4. Nf3 O-O 5. O-O Nc6 6. d4 a6 7. Nc3 d6 8. Qd3
e5 9. d5 Nb4 10. Qd1 a5 11. h3 Bf5 12. Nh4 Bd7 13. e4 c6 14. Be3 Ne8 15. Nf3 f5
16. a3 Na6 17. Qb3 c5 18. Rae1 Nac7 19. Bg5 Nf6 20. Nh4 a4 21. Qc2 f4 22. gxf4
exf4 23. e5 dxe5 24. Ne4 b6 25. Nf3 Bf5 26. Nxe5 Nce8 27. Nc6 Qc7 28. f3 h6 29.
Bh4 g5 30. Bf2 Nd6 31. Qc1 Rae8 32. Nxd6 Qxd6 33. Rxe8 Rxe8 34. Re1 Bd7 35.
Rxe8+ Bxe8 36. Bf1 Kf7 37. Kg2 h5 38. Qc2 Bxc6 39. dxc6 Qxc6 40. Qf5 Qd7 41.
Qxg5 Qd2 42. Qf5 Qxb2 43. Bd3 Ke7 44. Qg5 Bh8 45. Bg6 Qd2 46. Qe5+ Kd7 47. Bf5+
Kc6 48. Qb8 Qd6 49. Qa8+ Kc7 50. Qc8# 1-0